Les villes des provinces belges -> Le Hainaut - Map Quiz - Statistiques

Statistiques générales
  • Ce quiz a été pris 86 fois
  • Le résultat moyen est 8 sur 12
Réponses sur la Carte
Les réponses sont colorées sur une échelle allant du rouge au vert en fonction du pourcentage des utilisateurs qui les ont devinées à leur premier essai. Vous pouvez retrouver ces pourcentages ci-dessous.
 
Statistiques - réponses
Réponse % Correct
Mons
84%
Charleroi
82%
Tournai
82%
Ath
80%
Mouscron
79%
Chimay
75%
La louvière
70%
Péruweize
59%
Courcelle
57%
Fleurus
57%
Binche
54%
Dour
52%
Aucun quiz correspondant
Distribution des résultats
% des personnes avec chaque résultat
Percentile par nombre de réponses
Votre historique - résultats
Vous n’avez pas pris ce quiz